| 000 | 00985nam0a22002531 4500 | ||
|---|---|---|---|
| 001 | rc\3934811 | ||
| 005 | 20260406094403.0 | ||
| 021 |
_aRU _b[55-12138] |
||
| 035 | _a(NLR Aleph) 007917106 | ||
| 090 |
_a8134228 _c8134228 |
||
| 100 | _a20130415d1955 |||y0rusy50 ca | ||
| 101 | 0 | _arus | |
| 102 | _aRU | ||
| 105 | _aac z ||||| | ||
| 200 | 1 |
_aИгорь Эммануилович Грабарь. 1871-1960 _f[Статья Е. Жидковой о творчестве художника и репродукции с его произведений] |
|
| 210 |
_aМосква _cСов. художник _d1955 |
||
| 215 |
_a26 с., 13 л. ил. _cпортр. _d29 |
||
| 702 | 1 |
_4570 _aГрабарь _bИ. Э. _cхудожник, искусствовед _f1871-1960 _gИгорь Эммануилович _951627 _3RU\NLR\AUTH\7768699 |
|
| 702 | 1 |
_aЖидкова _bЕ. _4570 |
|
| 801 | 0 |
_aRU _bNLR _gpsbo |
|
| 801 | 1 |
_aRU _bELAR _2rusmarc |
|
| 852 |
_aNLR _jИс30 Г-8/66 |
||
| 942 | _cBOOK | ||
| 980 | _aNB | ||